LEADER 01096nam a2200265 i 4500 001 000000133107 003 CaOOAMICUS 005 20200406090819.0 008 041228s1993 it u000 u ita u 013 $a106125 040 $aSeMil$bita 100 0 $aBeda : Venerabilis,$c.$0(OLS)http://semarc/name/100126 245 13$aLa donna forte /$cBeda il Venerabile ; introduzione, traduzione e note a cura di Cecilia Falchini monaca di Bose. 246 01$aDe muliere forti 300 $a31 p. ;$c21 cm. 650 4$aDonna - Concezione cristiana.$0(OLS)http://semarc/subject/3207 700 1 $aFalchini, Cecilia,$c.$0(OLS)http://semarc/name/37869 830 0$aTesti dei Padri della Chiesa ;$v9.$0(OLS)http://semarc/title/11590 850 $aSeMil 852 $aSeMil$W1$xVenegono$y1$m176 21 9 *$j86979$B86979$CSeMilBibl$Z2$F90797 $81 900 0 $aBeda : il Venerabile. 996 $6245$aLa donna forte$9(OLS)http://semarc/title/195200 996 $6246$aDe muliere forti$9(OLS)http://semarc/title/429006 LEADER 01034nam a2200241 4500 001 000000348005 003 CaOOAMICUS 005 20211001124451.0 008 211001s2021 it 000 u ita r 020 $a978-88-6240-834-9 040 $aSeMil$bita 100 1 $aMokrani, Adnane.$0(OLS)http://semarc/name/114709 245 10$aDell'umana fratellanza e altri dubbi /$cAdnane Mokrani, Brunetto Salvarani. 264 1$aMilano :$bETS, Edizioni Terra Santa,$c2021. 300 $a176 p. ;$c21 cm 650 4$aCristiani e musulmani - Dialogo.$0(OLS)http://semarc/subject/10974 700 1 $aSalvarani, Brunetto,$d<1956- >.$0(OLS)http://semarc/name/18654 850 $aSeMil 852 $aSeMil$W1$xVenegono$y1$m2R II 462$j229337$B239043$CSeMilBibl$Z2$F239043 $81 996 $6020$a978-88-6240-834-9$9(OLS)http://semarc/number/294209 996 $6245$aDell'umana fratellanza e altri dubbi$9(OLS)http://semarc/title/437318 996 $6264$aMilano :$bETS, Edizioni Terra Santa$9(OLS)http://semarc/publisher/56491